Quiz of Elven (Quendi) Kindreds - Statistics

General Stats
  • This quiz has been taken 5 times
  • The average score is 6 of 7
Answer Stats
Answer % Correct
Noldor (Galadriel, Elrond, Celebrimbor)
100%
Sindar (Thranduil, Legolas, Celeborn)
100%
Teleri
100%
Falmari
75%
Silvan Elves (Legolas, Sindar elf by blood but rules and lives among Silvan Elves in Mirkwood)
75%
Vanyar
75%
Nandor
50%
No matching quizzes found
Score Distribution
Percent of People with Each Score
Percentile by Number Answered
Your Score History
You have not taken this quiz